000
00337 a2200157 4500
001
169252
020
_a
040
_c
Magnum
100
_a
Brunoro, Jose Carlos
240
1
0
_a
Futebol 100% profissional
_l
por
245
1
0
_a
Futebol 100% profissional
362
0
_a
1899
440
1
_a
Gente
697
_a
EDUCACAO FISICA
942
_c
BK
999
_c
169252
_d
169252